Fundamentals of data structures (Record no. 128935)

MARC details
000 -LEADER
fixed length control field 00356nam a2200145Ia 4500
008 - FIXED-LENGTH DATA ELEMENTS--GENERAL INFORMATION
fixed length control field 230917s9999||||xx |||||||||||||| ||und||
040 ## - CATALOGING SOURCE
-- 106283
Original cataloging agency VIVEKANANDA LIBRARY
041 ## - Language
-- English
082 ## - DDC NUMBER
Classification number 005.73 H785F
100 ## - MAIN ENTRY--PERSONAL NAME
Personal name Horowitz, Ellis
245 #0 - TITLE STATEMENT
Title Fundamentals of data structures
260 ## - PUBLICATION, DISTRIBUTION, ETC. (IMPRINT)
Place of publication, distribution, etc New Delhi
Name of publisher, distributor, etc Galgotia
Date of publication, distribution, etc 1976
300 ## - PHYSICAL DESCRIPTION
Pages 564 p.
942 ## - ADDED ENTRY ELEMENTS (KOHA)
Koha item type Books
Holdings
Withdrawn status Lost status Damaged status Not for loan Location (home branch) Sublocation or collection (holding branch) Shelving location Date acquired Koha issues (times borrowed) Koha full call number Accession No. Koha date last seen Koha item type
        VIVEKANANDA LIBRARY VIVEKANANDA LIBRARY UIET Library 08/06/2005   005.73 H785F 225707 17/09/2023 Books
        VIVEKANANDA LIBRARY VIVEKANANDA LIBRARY UIET Library 08/06/2005 2 005.73 H785F 225708 11/04/2025 Books
        VIVEKANANDA LIBRARY VIVEKANANDA LIBRARY UIET Library 08/06/2005   005.73 H785F 225709 17/09/2023 Books
© Designed and Maintained by Vivekananda Library, MDU Rohtak